000 00646nam a2200181Ia 4500
008 100917s9999 xx 000 0 und d
082 _b11446
100 _aकालेलकर मधुसूदन
245 _aदिल्या घरी तू सुखी रहा (आ. 3 री.)
260 _bरंजना प्रकाशन
_c1969
300 _a96
365 _b3.5
520 _aनाटक
630 _aदिल्या घरी तू सुखी रहा (आ. 3 री.)
650 _aनाटक
730 _aदिल्या घरी तू सुखी रहा (आ. 3 री.)
942 _cBOOK
999 _c616840
_d616837